[Event "POR-ch U16"]
[Site "Luso"]
[Date "2018.03.28"]
[Round "7"]
[White "Carrico, Tomas Filipe Barbos"]
[Black "Pinheiro, Pedro"]
[Result "0-1"]
[WhiteElo "1099"]
[BlackElo "1310"]
[PlyCount "110"]
[EventDate "2018.03.24"]
[EventType "swiss"]
[EventRounds "7"]
[EventCountry "POR"]
[SourceTitle "EXT 2019"]
[Source "ChessBase"]
[SourceDate "2018.10.10"]
[SourceVersion "1"]
[SourceVersionDate "2018.10.10"]
[SourceQuality "1"]

1. e4 e5 2. Nf3 Nc6 3. Bc4 Bc5 4. 0-0 Nf6 5. d3 0-0 6. Nc3 d6 7. h3 Be6 8. Be3 Bxe3 9. Bxe6 Bxf2+ 10. Rxf2 fxe6 11. Ng5 Qe7 12. Qd2 Rad8 13. Nb5 h6 14. Nf3 a6 15. Nh4 Nxe4 16. dxe4 Qxh4 17. Nxc7 Rxf2 18. Qxf2 Qe7 19. Qb6 Rd7 20. Na8 Rd8 21. Nc7 Rc8 22. Nxe6 Qxe6 23. Qxb7 Nb8 24. c3 Qc4 25. Rd1 Qc6 26. Qe7 Qb6+ 27. Kh2 Rd8 28. b4 Kh7 29. a4 Rd7 30. Qe6 Qc6 31. Qe8 Qxa4 32. Rd5 Qc2 33. Qxb8 Qxe4 34. Rxd6 Rxd6 35. Qxd6 Qf4+ 36. Kg1 Qc1+ 37. Kh2 Qxc3 38. Qxa6 Qxb4 39. Qd3+ e4 40. Qe3 Qd6+ 41. Kg1 Qd3 42. Kf2 Qd5 43. Kg3 Kg6 44. Kf4 Qg5+ 45. Kxe4 Qxg2+ 46. Ke5 Qg5+ 47. Ke4 Qf5+ 48. Kd4 Kh5 49. Qg3 Qg5 50. Qf3+ Kh4 51. Qf7 Kxh3 52. Qf1+ Qg2 53. Qxg2+ Kxg2 54. Ke5 h5 55. Kf4 h4 0-1

[Event "POR-ch U16"]
[Site "Luso"]
[Date "2018.03.26"]
[Round "4"]
[White "Oliveira, Maria Alice Ramos"]
[Black "Pinheiro, Pedro"]
[Result "1-0"]
[WhiteElo "1620"]
[BlackElo "1310"]
[PlyCount "89"]
[EventDate "2018.03.24"]
[EventType "swiss"]
[EventRounds "7"]
[EventCountry "POR"]
[SourceTitle "EXT 2019"]
[Source "ChessBase"]
[SourceDate "2018.10.10"]
[SourceVersion "1"]
[SourceVersionDate "2018.10.10"]
[SourceQuality "1"]

1. e4 e5 2. Nf3 Nc6 3. Bb5 a6 4. Ba4 Nf6 5. d3 Be7 6. Bxc6 dxc6 7. Nxe5 Bd6 8. Nf3 Bg4 9. 0-0 Qe7 10. Nbd2 0-0 11. Re1 Rfe8 12. Nc4 b5 13. Ne3 g6 14. Nxg4 Nxg4 15. d4 Qd7 16. h3 Nxf2 17. Kxf2 Bf8 18. Bf4 Rad8 19. c3 c5 20. Bg5 Rc8 21. Qd2 cxd4 22. Qxd4 Qc6 23. Qd5 Qb6+ 24. Be3 Qf6 25. Bd4 Qe7 26. Qe5 Qxe5 27. Bxe5 Bc5+ 28. Bd4 Bf8 29. Bf6 Bc5+ 30. Kf1 Bf8 31. Rad1 Re6 32. e5 Be7 33. Ng5 Rxe5 34. Bxe5 Bxg5 35. Rd7 c6 36. g3 h5 37. Bf4 Bf6 38. h4 Kg7 39. Be5 Bxe5 40. Rxe5 Kg8 41. Ree7 Rf8 42. Ke2 Kg7 43. Rd6 Rc8 44. Kd3 Kf8 45. Ra7 1-0

[Event "POR-ch U16"]
[Site "Luso"]
[Date "2018.03.25"]
[Round "2"]
[White "Carvalho, Pedro Vieira De"]
[Black "Pinheiro, Pedro"]
[Result "1/2-1/2"]
[WhiteElo "1096"]
[BlackElo "1310"]
[PlyCount "96"]
[EventDate "2018.03.24"]
[EventType "swiss"]
[EventRounds "7"]
[EventCountry "POR"]
[SourceTitle "EXT 2019"]
[Source "ChessBase"]
[SourceDate "2018.10.10"]
[SourceVersion "1"]
[SourceVersionDate "2018.10.10"]
[SourceQuality "1"]

1. d4 d5 2. Nf3 Nf6 3. Bf4 Nc6 4. e3 e6 5. Nbd2 Bd6 6. Ne5 0-0 7. c3 Nd7 8. Ndf3 f6 9. Nxc6 bxc6 10. Bg3 c5 11. Bd3 e5 12. Bc2 e4 13. Bxd6 cxd6 14. Ng1 f5 15. dxc5 Nf6 16. cxd6 Qxd6 17. Ne2 Ng4 18. g3 Be6 19. Nf4 g5 20. Nxe6 Qxe6 21. Qd2 Rad8 22. 0-0-0 Rd7 23. h3 Nf6 24. Qd4 h6 25. Rd2 Rc8 26. Rhd1 Rc4 27. Qxc4 dxc4 28. b3 Rxd2 29. Rxd2 Kg7 30. bxc4 Qxc4 31. Bb3 Qf1+ 32. Kc2 g4 33. h4 Qb5 34. c4 Qc5 35. Kc3 Qa3 36. Rd1 a5 37. Kd4 Qb2+ 38. Kc5 Qe5+ 39. Kb6 Kf7 40. c5+ Ke8 41. Ba4+ Ke7 42. c6 Nd5+ 43. Rxd5 Qxd5 44. c7 Qa8 45. Bc6 Qc8 46. Bb7 Qe6+ 47. Bc6 Qc8 48. Bb7 Qe6+ 1/2-1/2